Sports Quiz

Random Sports Quiz

CCHL Teams Quiz Stats

 Plays Quiz not verified by Sporcle

Support Sporcle.
Go Orange.
Score 0/12 Timer 04:00
0 Plays Today
Division % Correct
RobinsonCornwall Colts
94.7%
RobinsonBrockville Braves
89.5%
YzermanPembroke Lumber Kings
84.2%
RobinsonKemptville 73's
78.9%
YzermanNepean Raiders
78.9%
RobinsonSmiths Falls Bears
73.7%
RobinsonCarleton Place Canadians
73.7%
YzermanCumberland Grads
57.9%
RobinsonHawkesbury Hawks
52.6%
YzermanKanata Stallions
52.6%
YzermanOttawa Senators
52.6%
YzermanGloucester Rangers
42.1%

You're not logged in!

Compare scores with friends on all Sporcle quizzes.
OR
Log In

From the Vault

1980s Celebrity Field Guide

by beisaa

Dear Mr. Vernon, we accept the fact that we had to sacrifice a whole Sunday on Sporcle for whatever it was we did wrong.
Remove Ads.
Support Sporcle.
Get the best of Sporcle when you Go Orange. This ad-free experience offers more features, more stats, and more fun while also helping to support Sporcle. Thank you for becoming a member.

Show Comments

Extras

Created Feb 13, 2011ReportNominate
Tags:Division, team

Top Quizzes Today


Score Distribution

Your Account Isn't Verified!

In order to create a playlist on Sporcle, you need to verify the email address you used during registration. Go to your Sporcle Settings to finish the process.

Report this User

Report this user for behavior that violates our Community Guidelines.

Details: